XHTML

Guardat en:
Dades bibliogràfiques
Autor principal: Valentine, Chelsea (Autor)
Altres autors: Minnick, Chris (autor)
Format: Llibre
Idioma:espanyol
Publicat: Madrid Pearson Educación 2001
Col·lecció:Práctica
Matèries:
Etiquetes: Afegir etiqueta
Sense etiquetes, Sigues el primer a etiquetar aquest registre!

MARC

LEADER 00000nam a2200000 a 4500
001 UCL6731
003 CL-VaPUC
008 040416e20010000SP |||||||||||||||||spa|d
020 |a 8420530115 
082 0 4 |a 004.6  |b VAL  |2 21 
100 0 |a Valentine, Chelsea  |e author  |9 484436 
700 |a Minnick, Chris  |e autor  |9 591361 
245 1 0 |a XHTML 
300 |a 441 p 
942 |c BK 
945 |d 20040416 00:00:00  |a cmena 
260 |a Madrid  |b Pearson Educación  |c 2001 
500 |a Incluye CD-ROM 
650 0 |a Internet   |9 254823 
650 0 |a Programación de computadores   |9 259531 
650 0 |a Lenguajes de programación   |9 259458 
650 0 |a Tecnología de la información   |9 254825 
583 |a last modification  |c 20040416 00:00:00  |k Rodrigo Vera 
490 0 |a Práctica 
999 |c 308713  |d 308711 
952 |0 0  |1 0  |4 0  |6 004_600000000000000_VAL_2001  |7 0  |8 A  |9 375485  |a BIBING  |b BIBING  |d 2019-11-21  |i 4006860  |o 004.6 VAL 2001  |p 4006860  |r 2024-01-25  |w 2019-11-21  |y BK  |k EII